Лінгво-психологічні особливості семантичного поля емоційного концепту страх та його засоби вираження у творі "Протистояння" Стівена Кінга (Запис № 284212)

МАРК-запис
000 -LEADER
fixed length control field 01392nam a22001577a 4500
041 ## - LANGUAGE CODE
Language code of text/sound track or separate title ukr
080 ## - UNIVERSAL DECIMAL CLASSIFICATION NUMBER
Universal Decimal Classification number 09
090 ## - LOCALLY ASSIGNED LC-TYPE CALL NUMBER (OCLC); LOCAL CALL NUMBER (OCLC)
Local cutter number (OCLC) ; Book number/undivided call number, CALL (RLIN) БУД
100 ## - MAIN ENTRY--PERSONAL NAME
Personal name Будім С.С.
245 ## - TITLE STATEMENT
Title Лінгво-психологічні особливості семантичного поля емоційного концепту страх та його засоби вираження у творі "Протистояння" Стівена Кінга
260 ## - PUBLICATION, DISTRIBUTION, ETC. (IMPRINT)
Place of publication, distribution, etc Острог
Name of publisher, distributor, etc КАФ
Date of publication, distribution, etc 2009
300 ## - PHYSICAL DESCRIPTION
Extent 66
520 ## - SUMMARY, ETC.
Summary, etc ВСТУП<br/>РОЗДІЛ 1 МОВНО-ПСИХОЛОГІЧНІ ОСОБЛИВОСТІ СЕМАНТИЧНОГО ПОЛЯ СТРАХУ<br/>1.1 Семантичне поле та його значення.<br/>1.2 Поняття страху, його види та емоційна складова.<br/>1.3 Концепт страху та його лінгвокогнітивні особливості.<br/>РОЗДІЛ 2 ЛЕКСИКО-СЕМАНТИЧНЕ ТА ПСИХОЛОГІЧНІ ЗАСОБИ ВИРАЖЕННЯ СТРАХУ У ТВОРІ СТІВЕНА КІНГА "ПРОТИСТОЯННЯ"<br/>2.1 Психолінгвістичний аналіз лексем семантичного поля страху в творі С.Кінга "Протистояння".<br/>ВИСНОВКИ
-- семантичне поле,страх,Стівен Кінг,
650 ## - SUBJECT ADDED ENTRY--TOPICAL TERM
Topical term or geographic name as entry element Research Papers
942 ## - ADDED ENTRY ELEMENTS (KOHA)
Koha item type Книги
Фонди
Withdrawn status Lost status Source of classification or shelving scheme Damaged status Not for loan Home library Current library Date acquired Source of acquisition Cost, normal purchase price Total Checkouts Full call number Barcode Date last seen Price effective from Koha item type
    Universal Decimal Classification     ВІЛ - Відділ іноземн. літератури НБ ВІЛ - Відділ іноземн. літератури НБ 16/04/2009 Акт №1 1.00   09 213458 15/12/2021 16/04/2009 Книги